000 00610nam a2200193 i 4500
001 134982
003 ES-MaACL
005 20230906194801.0
007 t|
008 070705s1961 sp ||||1| spa d
080 _a248.143.2-053.2
100 1 _aTilmann, Klemens.
_9110278
245 1 0 _aIniciación de los niños en el arte de meditar /
_cKlemens Tilmann ; [versión española de José Luis Albizu].
260 _aBarcelona :
_bHerder,
_c1961.
300 _a115 p. ;
_c19 cm.
650 1 4 _aNiños-
_xReligiosidad.
_915556
700 1 _aAlbizu, José Luis.
_919396
852 _aES-MaACL
_jC-20846
_bR.48620
999 _c134982
_d134982